Nalaganje...

Research methods

Bibliografske podrobnosti
Glavni avtor: Ahuja, Ram
Format: Printed Book
Izdano: Rawat Pub: Jaipur 2001
Teme:
LEADER 00499nam a2200193 4500
020 |a 8170336546  |c 675 
082 |a 001.42 AHU 
100 |a Ahuja, Ram 
245 |a Research methods  |c Ahuja, Ram 
250
260 |a Rawat Pub: Jaipur  |c 2001 
300 |a 454 p 
490
500
590
650 |a Research methodology 
942 |c BK 
999 |c 137159  |d 137159 
952 |0 0  |1 0  |4 0  |6 001_420000000000000_AHU  |7 0  |9 150619  |a IMK  |b IMK  |g 675.00  |l 0  |o 001.42 AHU  |p IMK04165  |r 2019-10-25  |w 2019-10-25  |y BK